Central Library OPAC University of Rajshahi

Global warming : (Record no. 81909)

MARC details
000 -LEADER
fixed length control field 00802nam a2200265 a 4500
001 - CONTROL NUMBER
control field 81909
003 - CONTROL NUMBER IDENTIFIER
rucl marc code BD-RjUL
005 - DATE AND TIME OF LATEST TRANSACTION
control field 20230912143707.0
008 - FIXED-LENGTH DATA ELEMENTS--GENERAL INFORMATION
fixed length control field 230912s20222015enka b 001 0 eng d
020 ## - INTERNATIONAL STANDARD BOOK NUMBER
International Standard Book Number 0582381673
International Standard Book Number 9781032297262
035 ## - SYSTEM CONTROL NUMBER
System control number (BD-RjUL)81909
040 ## - CATALOGING SOURCE
Original cataloging agency UKM
Transcribing agency UKM
Language of cataloging eng
Modifying agency BD-RjUL
041 ## - LANGUAGE CODE
Language code of text/sound track or separate title eng
082 04 - DEWEY DECIMAL CLASSIFICATION NUMBER
Edition number 21
Classification number 363.73874
Author mark and year HAG 2022
100 1# - MAIN ENTRY--PERSONAL NAME
Personal name Harvey, Leslie Daryl Danny,
Dates associated with a name 1956-
9 (RLIN) 8955
245 10 - TITLE STATEMENT
Title Global warming :
Remainder of title the hard science /
Statement of responsibility, etc. L. D. Danny Harvey.
260 ## - PUBLICATION, DISTRIBUTION, ETC. (IMPRINT)
Place of publication, distribution, etc. Harlow ;
-- London
Name of publisher, distributor, etc. Prentice Hall;
-- Routledge,
Date of publication, distribution, etc. c2000, 2015 [reprinted2022]
300 ## - PHYSICAL DESCRIPTION
Pagination xxiv, 336 p. :
Illustrations ill. ;
Size 25 cm.
504 ## - BIBLIOGRAPHY, ETC. NOTE
Bibliography, etc Includes bibliography and index.
650 #0 - SUBJECT ADDED ENTRY--TOPICAL TERM
Topical term or geographic name as entry element Global warming.
9 (RLIN) 8901
Topical term or geographic name as entry element Climatic changes.
942 ## - ADDED ENTRY ELEMENTS (KOHA)
Source of classification or shelving scheme Dewey Decimal Classification
Koha item type Books
Holdings
Lost status Source of classification or shelving scheme Damaged status Not for loan Collection code Permanent Location Current Location Shelving location Date acquired Source of acquisition Cost, normal purchase price Total Checkouts Full call number Date last seen Copy number Koha item type
  Dewey Decimal Classification   Not For Loan Non-fiction Central Library, University of Rajshahi Central Library, University of Rajshahi Reading Room 23/05/2023 Dhaka: Omni Concept 3743.75   363.73874 HAG 2022 12/09/2023 C-1 Books
  Dewey Decimal Classification     Non-fiction Central Library, University of Rajshahi Central Library, University of Rajshahi General Stacks 23/05/2023 Dhaka: Omni Concept 3743.75   363.73874 HAG 2022 12/09/2023 C-2 Books